[Event "Württ. Kandidadenturnier"]
[Site "Plochingen"]
[Date "2017.08.31"]
[Round "7.5"]
[White "Reck, Moritz"]
[Black "Meschke, Andreas"]
[Result "0-1"]
[WhiteElo "2082"]
[BlackElo "2040"]
[PlyCount "82"]
[EventDate "2017.??.??"]
[WhiteTeam "TSV Schönaich"]
[BlackTeam "SC Erdmannhausen"]

1. g3 d5 2. Bg2 c6 3. d3 Bf5 4. Nd2 Nf6 5. e4 Bg6 6. e5 Nfd7 7. Ngf3 e6 8. Qe2
Be7 9. h4 h6 10. h5 Bh7 11. Nh4 Na6 12. f4 Nb4 13. Ndf3 Qa5 14. Bd2 Nxc2+ 15.
Kd1 Nb4 16. f5 Qa4+ 17. b3 Qa6 18. Bxb4 Bxb4 19. Bh3 O-O-O 20. fxe6 fxe6 21.
Ng6 Bxg6 22. hxg6 Rde8 23. d4 Qb6 24. Qd3 Ba3 25. Rf1 Rhf8 26. Ke2 Qb4 27. Rab1
Kb8 28. Ne1 Rxf1 29. Bxf1 Qf8 30. b4 Bxb4 31. Qb3 a5 32. a3 Qf5 33. axb4 Qe4+
34. Kd2 Qxd4+ 35. Nd3 Nxe5 36. bxa5 Nc4+ 37. Kd1 b5 38. axb6 Rf8 39. Bh3 Rf3
40. Kc2 Rf2+ 41. Kd1 Rd2+ 0-1

[Event "Württ. Kandidadenturnier"]
[Site "Plochingen"]
[Date "2017.08.31"]
[Round "7.6"]
[White "Döring, Stefan"]
[Black "Bangert, Udo"]
[Result "1-0"]
[WhiteElo "1931"]
[BlackElo "1906"]
[PlyCount "111"]
[EventDate "2017.??.??"]
[WhiteTeam "SC Tamm"]
[BlackTeam "SC Grunbach"]

1. e4 c5 2. Nf3 Nc6 3. d4 cxd4 4. Nxd4 e5 5. Nb5 d6 6. N1c3 a6 7. Na3 Be7 8.
Nd5 Nf6 9. Be3 Nxd5 10. exd5 Nb8 11. Nc4 Nd7 12. a4 b6 13. Be2 O-O 14. f4 Rb8
15. O-O f5 16. Qd2 Qc7 17. Rfd1 e4 18. b4 Bb7 19. Bf1 Rfc8 20. Ra2 Ba8 21. Na3
Bb7 22. c4 Qd8 23. Nc2 Bf6 24. Nd4 Bxd4 25. Qxd4 a5 26. b5 Qe7 27. Bc1 Rc7 28.
Ba3 Nc5 29. Bxc5 Rxc5 30. Ra3 Rf8 31. Re1 Qf6 32. Qxf6 Rxf6 33. Kf2 Rc7 34. Rg3
Bc8 35. Ree3 Rcf7 36. Be2 g6 37. h4 Rg7 38. h5 Kf7 39. Rg5 Bd7 40. hxg6+ hxg6
41. Rh3 Kg8 42. Rh6 Bc8 43. Bh5 Kf7 44. Rh8 Bd7 45. Rd8 Ke7 46. Rb8 Kf7 47. Rb7
Kf8 48. Bxg6 Rfxg6 49. Rxg6 Rxg6 50. Rxd7 e3+ 51. Kxe3 Rg3+ 52. Kd4 Ra3 53.
Rxd6 Rxa4 54. Rxb6 Ra1 55. Ra6 a4 56. b6 1-0

[Event "Württ. Kandidadenturnier"]
[Site "Plochingen"]
[Date "2017.08.31"]
[Round "7.7"]
[White "Franz, Michael"]
[Black "Wolf, Walter"]
[Result "0-1"]
[WhiteElo "1961"]
[BlackElo "2110"]
[PlyCount "72"]
[EventDate "2017.??.??"]
[WhiteTeam "SV Besigheim"]
[BlackTeam "Stuttgarter SF"]

1. e4 e5 2. d4 exd4 3. Qxd4 Nc6 4. Qe3 g6 5. Bd2 Bg7 6. Nc3 d6 7. O-O-O Nf6 8.
f3 O-O 9. Nge2 d5 10. Be1 Qe7 11. Bh4 Re8 12. Qf2 dxe4 13. Nd5 Qe6 14. Nef4 Qe5
15. Bxf6 Bxf6 16. Nxf6+ Qxf6 17. Nd5 Qf5 18. g4 Qe5 19. f4 Qd6 20. g5 Qe6 21.
Bc4 Kh8 22. Bb3 e3 23. Qh4 Na5 24. Nf6 Nxb3+ 25. axb3 h5 26. Nxe8 Qxe8 27. Rde1
Bf5 28. Kb1 Qc6 29. Rc1 Bxc2+ 30. Rxc2 Qxh1+ 31. Ka2 Qe4 32. Rxc7 e2 33. Qe1
Kg8 34. Rc5 Qe6 35. Rc2 Re8 36. Kb1 Qe4 0-1

[Event "Württ. Kandidadenturnier"]
[Site "Plochingen"]
[Date "2017.08.31"]
[Round "7.8"]
[White "Hallmann, Norbert"]
[Black "Reindl, Knut"]
[Result "1-0"]
[WhiteElo "2094"]
[BlackElo "1682"]
[PlyCount "49"]
[EventDate "2017.??.??"]
[WhiteTeam "SF Neckartenzlingen"]
[BlackTeam "SG Schwäbisch Gmünd"]

1. e4 c5 2. Nf3 d6 3. Bb5+ Bd7 4. Bxd7+ Qxd7 5. O-O Nc6 6. c3 Nf6 7. Re1 g6 8.
d4 cxd4 9. cxd4 Bg7 10. Nc3 O-O 11. d5 Ne5 12. Nd4 a6 13. f4 Nc4 14. b3 Na5 15.
h3 h5 16. f5 gxf5 17. Nxf5 Rac8 18. Bb2 b5 19. Ne2 Bh8 20. Neg3 e6 21. Nxh5
Nxh5 22. Qg4+ Ng7 23. Nxg7 f5 24. Nxf5+ Kf7 25. Qh5+ 1-0

[Event "Württ. Kandidadenturnier"]
[Site "Plochingen"]
[Date "2017.08.31"]
[Round "7.9"]
[White "Pranjic, Daniel"]
[Black "Yi, Danny"]
[Result "0-1"]
[WhiteElo "1791"]
[BlackElo "2070"]
[PlyCount "59"]
[EventDate "2017.??.??"]
[WhiteTeam "SG Ludwigsburg"]
[BlackTeam "SF Kornwestheim"]

1. e4 e5 2. Nf3 Nc6 3. Bb5 a6 4. Ba4 Nf6 5. O-O b5 6. Bb3 Be7 7. Re1 d6 8. c3
O-O 9. h3 Nb8 10. d4 Nbd7 11. Nbd2 Bb7 12. Bc2 Re8 13. Nf1 h6 14. Ng3 Bf8 15.
d5 c6 16. dxc6 Bxc6 17. a4 Nc5 18. axb5 axb5 19. Bd2 Rxa1 20. Qxa1 Qc7 21. Qb1
Qb7 22. b4 Ncd7 23. Bb3 Nb6 24. Nh4 d5 25. exd5 Bxd5 26. Be3 Nc4 27. Bxc4 Bxc4
28. Qf5 Qc6 29. Ra1 Bd5 30. Ne2 0-1

[Event "Württ. Kandidadenturnier"]
[Site "Plochingen"]
[Date "2017.08.31"]
[Round "7.10"]
[White "Müller, Thomas"]
[Black "Jakob, Georg"]
[Result "0-1"]
[WhiteElo "1975"]
[BlackElo "1856"]
[PlyCount "74"]
[EventDate "2017.??.??"]
[WhiteTeam "SV Schömberg"]
[BlackTeam "SG KK Hohentübingen"]

1. d4 Nf6 2. Nf3 e6 3. Bg5 b6 4. e3 Bb7 5. Bd3 c5 6. Nbd2 Be7 7. O-O Nc6 8. c3
h6 9. Bh4 Rc8 10. Qe2 O-O 11. Ba6 Bxa6 12. Qxa6 Nh7 13. Bxe7 Qxe7 14. Ne5 d6
15. Nxc6 Rxc6 16. a4 Rcc8 17. Nf3 g5 18. a5 Rb8 19. axb6 axb6 20. Rfd1 g4 21.
Ne1 Rfd8 22. Qb5 Nf6 23. Ra6 Nd5 24. Qe2 Qg5 25. Ra7 b5 26. e4 Nf4 27. Qe3 c4
28. g3 Nh3+ 29. Kf1 Qxe3 30. fxe3 Ng5 31. Rda1 Nxe4 32. Rc7 d5 33. Raa7 Nd6 34.
Rd7 Rxd7 35. Rxd7 Ne4 36. Nc2 Kg7 37. Nb4 Ra8 0-1

[Event "Württ. Kandidadenturnier"]
[Site "Plochingen"]
[Date "2017.08.31"]
[Round "7.11"]
[White "Günther, Stefan"]
[Black "Kaplunov, Vadym"]
[Result "1-0"]
[WhiteElo "1897"]
[BlackElo "1941"]
[PlyCount "107"]
[EventDate "2017.??.??"]
[WhiteTeam "SV Weingarten"]
[BlackTeam "Stuttgarter SF"]

1. d4 Nf6 2. c4 e6 3. Nf3 d5 4. g3 Nbd7 5. Bg2 b6 6. Qa4 Bd6 7. cxd5 exd5 8.
Bg5 O-O 9. Nc3 h6 10. Bxf6 Nxf6 11. Ne5 Bb7 12. O-O Qe8 13. Nd3 c6 14. Rac1 a5
15. Qc2 Qd8 16. Na4 Re8 17. e3 Rc8 18. Qb3 Ba6 19. Rfd1 Bb5 20. Qc2 Ne4 21. Bh3
Rb8 22. Nc3 Ng5 23. Bg2 Ba6 24. h4 Ne6 25. Ne2 Rc8 26. Qd2 Qe7 27. Rc2 Rc7 28.
Rdc1 Rec8 29. e4 dxe4 30. Bxe4 Nxd4 31. Bh7+ Kxh7 32. Nxd4 Qe4 33. Ne1 Bc5 34.
Nef3 Rd8 35. Re1 Qg4 36. Rxc5 bxc5 37. Qc2+ Kg8 38. Qxc5 Bd3 39. Qe5 Rcd7 40.
Nxc6 Qxf3 41. Nxd8 Rxd8 42. Qxa5 Ra8 43. Re3 Qb7 44. Qc3 Bg6 45. a3 Rc8 46. Qe1
Qxb2 47. Re8+ Rxe8 48. Qxe8+ Kh7 49. Qe3 Qb1+ 50. Kh2 Qc2 51. g4 Qd3 52. h5
Qxe3 53. hxg6+ fxg6 54. fxe3 1-0

[Event "Württ. Kandidadenturnier"]
[Site "Plochingen"]
[Date "2017.09.01"]
[Round "7.13"]
[White "Schömbs, Oliver"]
[Black "Handel, Oliver"]
[Result "0-1"]
[WhiteElo "1853"]
[BlackElo "1813"]
[PlyCount "108"]
[EventDate "2017.??.??"]
[WhiteTeam "SC Ingersheim"]
[BlackTeam "SF Kornwestheim"]

1. e4 c5 2. Nf3 d6 3. d4 cxd4 4. Nxd4 Nf6 5. Nc3 a6 6. g3 e5 7. Nb3 Be7 8. Bg2
Be6 9. O-O Nbd7 10. f4 Nb6 11. f5 Bd7 12. Na5 Qc7 13. Be3 Nc4 14. Nxc4 Qxc4 15.
Qd2 Rc8 16. Rad1 Bc6 17. b3 Qb4 18. Nd5 Nxd5 19. exd5 Qxd2 20. Rxd2 Bd7 21. Be4
Rc3 22. Rf3 h6 23. h4 Bd8 24. Kg2 Ba5 25. Rdf2 f6 26. Bc1 Rxf3 27. Bxf3 Ke7 28.
Bh5 Bc3 29. Rf3 Rc8 30. g4 b5 31. g5 hxg5 32. hxg5 Bd4 33. gxf6+ Kxf6 34. c4
bxc4 35. Rg3 e4 36. Rg6+ Ke5 37. Kg3 Kxd5 38. bxc4+ Rxc4 39. Bf4 Rc3+ 40. Kg4
Rc6 41. Bg3 Bf6 42. Bh4 Be5 43. Be7 e3 44. Kg5 Ke4 45. f6 gxf6+ 46. Bxf6 Bf4+
47. Kh4 Be8 48. Rg8 Bxh5 49. Kxh5 Kf3 50. Re8 d5 51. Bg5 Bxg5 52. Kxg5 e2 53.
Rf8+ Ke3 54. Re8+ Kd2 0-1

[Event "Württ. Kandidadenturnier"]
[Site "Plochingen"]
[Date "2017.08.31"]
[Round "7.14"]
[White "Meinhardt, Alexander"]
[Black "Fischer, Dietmar"]
[Result "0-1"]
[WhiteElo "1678"]
[BlackElo "1974"]
[PlyCount "84"]
[EventDate "2017.??.??"]
[WhiteTeam "DJK Sportbund Stgt."]
[BlackTeam "SC Böblingen"]

1. e4 c5 2. Bc4 e6 3. d3 a6 4. a3 b5 5. Ba2 Bb7 6. f4 d5 7. e5 Qh4+ 8. g3 Qd8
9. Nf3 Nh6 10. O-O Nf5 11. c3 d4 12. Qe2 Nc6 13. c4 h5 14. cxb5 axb5 15. Bd2
Be7 16. Rc1 Rh6 17. b4 cxb4 18. Ng5 bxa3 19. g4 hxg4 20. Qxg4 Rh4 21. Qe2 Bxg5
22. fxg5 Ne3 23. Bxe3 dxe3 24. Qxe3 Qd4 25. Qxd4 Rxd4 26. Rc3 b4 27. Rb3 Na5
28. Nd2 Nxb3 29. Nxb3 Rg4+ 30. Kf2 Bd5 31. Ke3 Rg2 32. Nd2 Bxa2 33. Rxa2 b3 34.
Ra1 b2 35. Rf1 a2 36. Nc4 b1=Q 37. Nd6+ Kd7 38. Rxf7+ Kc6 39. Ne4 a1=Q 40. Rxg7
Qxe5 41. Rg6 Qe1+ 42. Kf3 Qe2# 0-1

[Event "Württ. Kandidadenturnier"]
[Site "Plochingen"]
[Date "2017.08.31"]
[Round "7.15"]
[White "Schott, Andreas"]
[Black "Klaus, Daniel"]
[Result "1/2-1/2"]
[WhiteElo "1812"]
[BlackElo "1916"]
[PlyCount "36"]
[EventDate "2017.??.??"]
[WhiteTeam "SV Wendlingen"]
[BlackTeam "SC Feuerbach"]

1. c4 e5 2. Nc3 Nf6 3. d3 d5 4. cxd5 Nxd5 5. Nf3 Nxc3 6. bxc3 Nc6 7. g3 Be7 8.
Bg2 Be6 9. O-O O-O 10. Qc2 f5 11. Rd1 Qe8 12. d4 e4 13. d5 exf3 14. Bxf3 Bd7
15. dxc6 Bxc6 16. Qb3+ Kh8 17. Bxc6 Qxc6 18. Be3 Bf6 1/2-1/2

[Event "Württ. Kandidadenturnier"]
[Site "Plochingen"]
[Date "2017.08.31"]
[Round "7.16"]
[White "Hurm, Marius"]
[Black "Engelhardt, Frank"]
[Result "1-0"]
[WhiteElo "1818"]
[BlackElo "1815"]
[PlyCount "51"]
[EventDate "2017.??.??"]
[WhiteTeam "SG KK Hohentübingen"]
[BlackTeam "SC Botnang"]

1. e4 e5 2. Nf3 Nf6 3. Nxe5 d6 4. Nf3 Nxe4 5. Nc3 Nxc3 6. dxc3 Be7 7. Bf4 Nc6
8. Bd3 Bg4 9. h3 Bh5 10. g4 Bg6 11. Qd2 Qd7 12. O-O-O O-O-O 13. Nd4 Kb8 14. Bb5
Bf6 15. Bg5 Rde8 16. Bxf6 gxf6 17. Rhe1 Re5 18. f4 Rxe1 19. Rxe1 f5 20. Bxc6
bxc6 21. Re7 Qc8 22. Nxc6+ Ka8 23. Qd4 Kb7 24. Qd5 Kb6 25. a4 Qa6 26. a5+ 1-0

[Event "Württ. Kandidadenturnier"]
[Site "Plochingen"]
[Date "2017.08.31"]
[Round "7.17"]
[White "Baumeister, Jürgen"]
[Black "Reindl, Jork"]
[Result "0-1"]
[WhiteElo "1765"]
[BlackElo "1509"]
[PlyCount "68"]
[EventDate "2017.??.??"]
[WhiteTeam "SC Asperg"]
[BlackTeam "SG Schwäbisch Gmünd"]

1. f4 e6 2. e4 d5 3. e5 c5 4. Nf3 Nc6 5. c3 a6 6. Na3 Nge7 7. Nc2 Ng6 8. g3 Bd7
9. d4 cxd4 10. cxd4 Rc8 11. Bd2 Qb6 12. a3 Be7 13. b4 O-O 14. h4 f6 15. h5 Nh8
16. Bd3 f5 17. Qe2 Qd8 18. Qg2 Nf7 19. g4 fxg4 20. Qxg4 Nh6 21. Bxh7+ Kxh7 22.
Qg6+ Kh8 23. Ng5 Bxg5 24. fxg5 Be8 25. Qxe6 Nf5 26. h6 gxh6 27. Rxh6+ Nxh6 28.
Qxh6+ Kg8 29. Qe6+ Bf7 30. Qh6 Qe7 31. g6 Be8 32. Bg5 Qg7 33. Qh3 Bxg6 34. Bh6
Qh7 0-1

[Event "Württ. Kandidadenturnier"]
[Site "Plochingen"]
[Date "2017.08.31"]
[Round "7.18"]
[White "Wohlt, Harald"]
[Black "Schelberg, Martin"]
[Result "1-0"]
[WhiteElo "1635"]
[BlackElo "1575"]
[PlyCount "41"]
[EventDate "2017.??.??"]
[WhiteTeam "Stuttgarter SF"]
[BlackTeam "SC Leinfelden"]

1. d4 Nf6 2. Bf4 e6 3. e3 b6 4. Nd2 Bb7 5. c3 Be7 6. Ngf3 O-O 7. Bd3 d5 8. h4
Nbd7 9. Ng5 c5 10. Qe2 c4 11. Bc2 b5 12. e4 dxe4 13. Ndxe4 Bd5 14. Be5 Nxe4 15.
Nxe4 Nxe5 16. dxe5 Bxe4 17. Qxe4 g6 18. h5 Qd5 19. hxg6 hxg6 20. Qf4 g5 21. Qh2
1-0

[Event "Württ. Kandidadenturnier"]
[Site "Plochingen"]
[Date "2017.08.31"]
[Round "7.19"]
[White "Boldt, Dietmar"]
[Black "Jaster, Dirk"]
[Result "0-1"]
[WhiteElo "1787"]
[BlackElo "1835"]
[PlyCount "104"]
[EventDate "2017.??.??"]
[WhiteTeam "SV Altbach"]
[BlackTeam "SC Feuerbach"]

1. d4 e6 2. Nf3 Nf6 3. g3 b6 4. Bg2 Bb7 5. O-O d5 6. c4 Be7 7. cxd5 exd5 8. Nc3
O-O 9. Qc2 Ne4 10. Bf4 Bd6 11. Bxd6 Nxd6 12. Ne5 f6 13. Nd3 c6 14. Nf4 Re8 15.
Bh3 Bc8 16. Rac1 Bxh3 17. Nxh3 a5 18. Qb3 Ra7 19. Nf4 Kh8 20. e3 Rb7 21. Qd1 g6
22. Qf3 Nc4 23. Qe2 Rbe7 24. b3 Nd6 25. Rc2 Nf5 26. Qg4 Rg7 27. Ng2 Nh6 28. Qf3
Nf7 29. Qe2 Qd7 30. Rfc1 Ng5 31. Na4 Qd8 32. Ne1 Ne6 33. Qd3 Ng5 34. a3 Rge7
35. b4 b5 36. Nc5 a4 37. Qf1 Nf7 38. Ned3 Nd6 39. Qh3 Nc4 40. Ra1 Nd7 41. Nxd7
Rxd7 42. Nb2 Rde7 43. Nxc4 dxc4 44. Qg2 Re4 45. Qf3 Qd6 46. Rd1 h5 47. Rcd2 Qd5
48. Qxf6+ Kh7 49. Rc1 R8e7 50. Qf8 h4 51. Qf3 h3 52. g4 Rxe3 0-1

[Event "Württ. Kandidadenturnier"]
[Site "Plochingen"]
[Date "2017.08.31"]
[Round "7.20"]
[White "Mayer, Dietmar"]
[Black "Forster, Lukas"]
[Result "0-1"]
[WhiteElo "1696"]
[BlackElo "1880"]
[PlyCount "66"]
[EventDate "2017.??.??"]
[WhiteTeam "SC Böblingen"]
[BlackTeam "Stuttgarter SF"]

1. c4 Nf6 2. g3 g6 3. Nc3 Bg7 4. Bg2 O-O 5. d3 d6 6. e4 Nc6 7. Nge2 e5 8. O-O
h5 9. h3 Nd4 10. Nxd4 exd4 11. Ne2 c5 12. b4 Bd7 13. bxc5 dxc5 14. f4 Rb8 15.
f5 Bc6 16. Bg5 Qe8 17. Qd2 Kh7 18. Rae1 b5 19. Qf4 bxc4 20. Bxf6 Bxf6 21. dxc4
Qe5 22. Nc1 Qxf4 23. Rxf4 Bg5 24. Rff1 Bd2 25. Rd1 Be3+ 26. Kh2 Rb2 27. Nd3
Rxa2 28. fxg6+ Kg7 29. Nxc5 d3 30. Rxf7+ Rxf7 31. gxf7 Bxc5 32. Rf1 Bxe4 33.
f8=Q+ Bxf8 0-1

[Event "Württ. Kandidadenturnier"]
[Site "Plochingen"]
[Date "2017.08.31"]
[Round "7.21"]
[White "Schröck, Holger"]
[Black "Tölg, Wolfgang"]
[Result "1-0"]
[WhiteElo "1642"]
[BlackElo "1628"]
[PlyCount "63"]
[EventDate "2017.??.??"]
[WhiteTeam "TSV Heumaden"]
[BlackTeam "SF Oeffingen"]

1. d4 f5 2. c4 e6 3. Nc3 d5 4. cxd5 exd5 5. Bf4 c6 6. Nf3 Nf6 7. Qc2 Ne4 8. Nd2
Be7 9. f3 Nd6 10. O-O-O Na6 11. e4 fxe4 12. fxe4 dxe4 13. Ndxe4 O-O 14. Be5 Bf5
15. Qb3+ Kh8 16. Bd3 Nc7 17. Rhf1 b6 18. Nxd6 Bxd6 19. Rxf5 Rxf5 20. Bxf5 Bxe5
21. dxe5 Qg5+ 22. Rd2 Qxf5 23. Qd1 h6 24. Rd8+ Kh7 25. Rxa8 Nxa8 26. Qd6 Qf1+
27. Kc2 Qf2+ 28. Kb3 b5 29. e6 c5 30. Qd3+ Kg8 31. Qd8+ Qf8 32. e7 1-0

[Event "Württemberg Championship - Candidates"]
[Site "chess24.com"]
[Date "2017.09.01"]
[Round "7.1"]
[White "Scholl, Martin"]
[Black "Muschkowski, Juergen"]
[Result "1-0"]
[WhiteElo "2030"]
[BlackElo "2091"]
[PlyCount "49"]
[EventDate "2017.??.??"]
[WhiteTeam "Deutschland"]
[BlackTeam "Deutschland"]
[WhiteTeamCountry "GER"]
[BlackTeamCountry "GER"]
[WhiteClock "0:51:19"]
[BlackClock "0:49:59"]

1. c4 g6 2. d4 Bg7 3. Nc3 c5 4. Nf3 cxd4 5. Nxd4 Nc6 6. e3 Nf6 7. Be2 O-O 8.
O-O d6 9. b3 Nxd4 10. exd4 h5 11. Bb2 d5 12. c5 b6 13. b4 bxc5 14. dxc5 d4 15.
Nb5 e5 16. Bc4 Ng4 17. h3 Nh6 18. Nd6 Rb8 19. a3 Kh7 20. Bc1 f5 21. Bxh6 Kxh6
22. Nf7+ Rxf7 23. Bxf7 Kh7 24. Qb3 e4 25. Qg3 1-0

[Event "Württemberg Championship - Candidates"]
[Site "chess24.com"]
[Date "2017.09.01"]
[Round "7.2"]
[White "Reimche, Vadim"]
[Black "Klaiss, Thomas"]
[Result "1/2-1/2"]
[WhiteElo "2068"]
[BlackElo "1995"]
[PlyCount "131"]
[EventDate "2017.??.??"]
[WhiteTeam "Deutschland"]
[BlackTeam "Deutschland"]
[WhiteTeamCountry "GER"]
[BlackTeamCountry "GER"]
[WhiteClock "0:02:32"]
[BlackClock "0:05:24"]

1. d4 Nf6 2. c4 e6 3. Nc3 Bb4 4. e3 c5 5. Nge2 cxd4 6. exd4 O-O 7. a3 Be7 8. d5
d6 9. Nd4 e5 10. Nc2 Bf5 11. Be2 Nbd7 12. O-O Ne4 13. Nxe4 Bxe4 14. b4 a5 15.
Be3 Bg6 16. f3 f5 17. Bf2 Rc8 18. Re1 Bf6 19. Ra2 f4 20. Qd2 b6 21. Rc1 Bg5 22.
Bd3 Qe8 23. Re1 Bxd3 24. Qxd3 Qg6 25. Qe2 Rc7 26. Na1 Rfc8 27. Rc2 axb4 28.
axb4 Ra7 29. Nb3 Ra4 30. Qd2 Be7 31. Rec1 Ra3 32. Rc3 h6 33. Qb2 Ra4 34. Nd2
Rca8 35. Ne4 Ra2 36. Qb3 Bh4 37. R3c2 R2a3 38. Qb2 Bxf2+ 39. Rxf2 Kf8 40. Rfc2
Kg8 41. Rf1 Kh8 42. Rd2 Kg8 43. Qc2 R3a4 44. Rb1 Ra3 45. Nc3 Qf6 46. Nb5 Ra1
47. Rxa1 Rxa1+ 48. Rd1 Ra8 49. Nc3 Qg6 50. Nb5 Qf6 51. Nc3 Qf7 52. Ne4 Qe7 53.
c5 bxc5 54. bxc5 Nxc5 55. Nxc5 Qa7 56. Qf2 Qxc5 57. Qxc5 dxc5 58. Re1 c4 59.
Rxe5 c3 60. Re1 c2 61. Rc1 Ra2 62. Kf2 Kf7 63. Ke2 Ke7 64. Kd3 Kd6 65. Rxc2
Rxc2 66. Kxc2 1/2-1/2

[Event "Württemberg Championship - Candidates"]
[Site "chess24.com"]
[Date "2017.09.01"]
[Round "7.3"]
[White "Mueller, Karl-Heinz"]
[Black "Hermann, Tobias"]
[Result "0-1"]
[WhiteElo "2009"]
[BlackElo "1933"]
[PlyCount "120"]
[EventDate "2017.??.??"]
[WhiteTeam "Deutschland"]
[BlackTeam "Deutschland"]
[WhiteTeamCountry "GER"]
[BlackTeamCountry "GER"]
[WhiteClock "0:25:09"]
[BlackClock "0:22:01"]

1. e4 e5 2. f4 exf4 3. Nf3 g5 4. h4 g4 5. Ne5 h5 6. Bc4 Nh6 7. d4 d6 8. Nd3 f3
9. gxf3 Be7 10. Bg5 Bxg5 11. hxg5 Qxg5 12. Qd2 Qxd2+ 13. Nxd2 Ng8 14. fxg4 Bxg4
15. Nf2 Be6 16. d5 Bd7 17. Nf3 Ne7 18. e5 b5 19. Bb3 Na6 20. exd6 cxd6 21. Ne4
Nf5 22. Nh4 Nc5 23. Nf6+ Ke7 24. Nxd7 Nxh4 25. Nxc5 Nf3+ 26. Kf2 dxc5 27. Kxf3
c4 28. Rad1 cxb3 29. axb3 b4 30. c3 bxc3 31. bxc3 Rab8 32. Rb1 Kd6 33. c4 Kc5
34. Rh4 a5 35. Rhh1 Rh6 36. Ke4 h4 37. Kd3 h3 38. Kc3 h2 39. Ra1 Rh3+ 40. Kc2
Rhxb3 41. Rxa5+ Kxc4 42. Ra4+ Kc5 43. Ra5+ Kd4 44. Rd1+ Ke4 45. Raa1 Rb2+ 46.
Kc3 R8b3+ 47. Kc4 Re3 48. Rac1 Ree2 49. d6 Rec2+ 50. Rxc2 Rxc2+ 51. Kb3 Rc8 52.
Rh1 Rd8 53. Rxh2 Rxd6 54. Rh4+ Kf3 55. Rh5 Kg4 56. Rh1 f5 57. Rg1+ Kh3 58. Rf1
Rf6 59. Kc3 f4 60. Kd2 Kg2 0-1

[Event "Württemberg Championship - Candidates"]
[Site "chess24.com"]
[Date "2017.09.01"]
[Round "7.4"]
[White "Mareck, Sascha"]
[Black "Luedke, Joshua"]
[Result "1/2-1/2"]
[WhiteElo "2156"]
[BlackElo "2026"]
[PlyCount "43"]
[EventDate "2017.??.??"]
[WhiteTeam "Deutschland"]
[BlackTeam "Deutschland"]
[WhiteTeamCountry "GER"]
[BlackTeamCountry "GER"]
[WhiteClock "0:42:53"]
[BlackClock "0:52:32"]

1. d4 d5 2. Nf3 Nf6 3. c4 c6 4. e3 e6 5. b3 Be7 6. Bd3 O-O 7. O-O Nbd7 8. Bb2
b6 9. Nc3 Bb7 10. Qe2 Re8 11. Rfd1 Bf8 12. e4 dxe4 13. Nxe4 Nxe4 14. Qxe4 Nf6
15. Qh4 h6 16. Rac1 Nd7 17. Qe4 Nf6 18. Qe2 Qc7 19. Bb1 Rad8 20. Rd3 c5 21.
dxc5 Qxc5 22. Rcd1 1/2-1/2